000
00321nam a22001457a 4500
020
_a
81-8423-009-5
082
_a
894.812.3
_b
PAD/M
100
_a
PADMARAJAN
245
_a
MALAYALATHINTE SUVARNNA KATHAKAL
260
_a
THRISSUR
_b
GREEEN BOOKS
_c
2009
300
_a
180
520
_a
NOVEL
650
_a
NOVEL
942
_c
BK
999
_c
5112
_d
5112